Statistics for Keep a Running Tally Click Quiz

Click here to take the quiz!

General Stats

  • This quiz has been taken 54 times
  • The average score is 17 of 36

Answer Stats

HintAnswer% Correct
2 + 24
100%
- 21
97%
- 22
97%
+ 13
97%
+ 15
94%
- 50
92%
+ 00
92%
+ 34
92%
+ 22
89%
+ 02
89%
+ 13
86%
+ 05
86%
+ 02
78%
- 13
64%
- 13
64%
+ 14
64%
+ 14
58%
- 02
47%
- 12
44%
+ 02
39%
+ 24
33%
+ 04
25%
- 31
22%
+ 45
22%
- 23
19%
- 30
11%
+ 44
6%
- 22
3%
- 04
3%
- 20
0%
- 20
0%
+ 22
0%
- 22
0%
- 22
0%
+ 24
0%
+ 24
0%

Score Distribution

Percentile by Number Answered

Percent of People with Each Score

Your Score History

You have not taken this quiz